Niger-Congo Languages - Statistics

General Stats
  • This quiz has been taken 32 times
  • The average score is 10 of 15
Answer Stats
Native to Speakers (mil) Language % Correct
Along the Eastern African coast 88 Swahili
93%
Nigeria 31 Igbo
85%
Nigeria, Benin, Togo 47 Yoruba
85%
South Africa 29 Zulu
81%
South Africa, Zimbabwe 19 Xhosa
74%
Lesotho, South Africa 13 Sotho
70%
Botswana, South Africa 13 Tswana
70%
Mali 15 Bambara
63%
Rwanda, Uganda, DR Congo 15 Kinyarwanda
63%
Burundi 13 Kirundi
59%
DR Congo, Republic of the Congo 41 Lingala
59%
Western Sahel 40 Fulani
56%
Zimbabwe, Mozambique 12 Shona
56%
Ghana 10 Akan
44%
Malawi 7 Chewa
37%
No matching quizzes found
Score Distribution
Percent of People with Each Score
Percentile by Number Answered
Your Score History
You have not taken this quiz